Kỹ thuật nấu món ăn nhà hàng, đám tiệc, sinh nhật

Zapisane w:
Opis bibliograficzny
1. autor: Huỳnh Thị Bướn
Format: Książka
Język:Undetermined
Wydane: Đồng Nai Đồng Nai 2004
Hasła przedmiotowe:
Etykiety: Dodaj etykietę
Nie ma etykietki, Dołącz pierwszą etykiete!
Thư viện lưu trữ: Trung tâm Học liệu Trường Đại học Cần Thơ
LEADER 00554nam a2200193Ia 4500
001 CTU_65069
008 210402s9999 xx 000 0 und d
020 |b 55000 
082 |a 641.568 
082 |b B560 
100 |a Huỳnh Thị Bướn 
245 0 |a Kỹ thuật nấu món ăn nhà hàng, đám tiệc, sinh nhật 
245 0 |c Huỳnh Thị Bướn 
260 |a Đồng Nai 
260 |b Đồng Nai 
260 |c 2004 
650 |a cookery 
904 |i Minh 
980 |a Trung tâm Học liệu Trường Đại học Cần Thơ